Confessio philosophi: la profession de foi du philosophe

Αποθηκεύτηκε σε:
Λεπτομέρειες βιβλιογραφικής εγγραφής
Κύριος συγγραφέας: Leibniz, Gottfried Wilhelm (Συγγραφέας)
Μορφή: Βιβλίο
Γλώσσα:Γαλλικά
Έκδοση: París J. Vrin 1961
Σειρά:Bibliothèque des Textes Philosophiques
Θέματα:
Ετικέτες: Προσθήκη ετικέτας
Δεν υπάρχουν, Καταχωρήστε ετικέτα πρώτοι!

MARC

LEADER 00000nam a2200000 a 4500
001 UCZ3242
003 CL-VaPUC
008 951020e19610000FR |||||||||||||||||fre|d
082 0 4 |a 141  |b LEI  |2 21 
100 |a Leibniz, Gottfried Wilhelm   |e author  |9 429654 
245 1 0 |a Confessio philosophi: la profession de foi du philosophe 
300 |a 144 p 
942 |c BK 
945 |d 19951020 00:00:00  |a cmena 
260 |a París  |b J. Vrin  |c 1961 
650 0 |a Idealismo  |9 265685 
650 0 |a Filosofía alemana   |9 265002 
650 0 |a Escuelas filosóficas   |9 266232 
650 0 |a Creencia Religiosa  |9 316904 
583 |a last modification  |c 19951020 00:00:00  |k Rodrigo Vera 
490 0 |a Bibliothèque des Textes Philosophiques 
999 |c 239733  |d 239731 
952 |0 0  |1 0  |4 0  |6 141_000000000000000_LEI_1961  |7 0  |8 P  |9 251102  |a BIBEDU  |b BIBEDU  |c BIBEDU_PB  |d 2019-11-18  |i 1584545  |o 141 LEI 1961  |p 1584545  |r 2024-01-25  |w 2019-11-18  |y BK  |k FIL